00959nam a22002417a 450000500170000000800410001702000180005804000070007604100120008308200160009510000290011124500450014026000460018530000260023144000130025752003480027065000150061865000130063365000160064665000150066265000240067765000160070120250703162440.0250703b |||||||| |||| 00| 0 eng d a9789351960638 cAL aEnglish a641.5bSANM aAnnapoorna Prabhu Sanoor aMangalore cookbookb: A Vegetarian feast aMangalorebGovindraya prabhu sanoorc2015 a166 p.bHBc30x23 cm. aVolume 2 aThis book includes recipes for vegetarian dishes that are traditionally served at feasts and for everyday lunch (mid- ternoon meal) and supper (evening meal). The recipes for traditional breakfast and late afternoon teatime dishes are included in my previous book: Mangalore Cookbook, Breakfast & Teatime Recipes. mangalore.coockbook@gmail.com atraditions aUtensils aingredients atechniques a182 classic recipes aphotographs